000 00693nam a2200253Ia 4500
003 OSt
005 20221005060526.0
006 a|||||r|||| 00| 0
007 ta
008 221004b |||||||| |||| 00| 0 eng d
020 _a0 7100 7259 7
024 _a50281
037 _cTextual
040 _aCRL
_cCRL
_beng
041 _2eng
_aeng
082 _aO111,3K60:g, L2
245 0 _aDefoe
_b The critical heritage Edited by Pat Rogers
260 _aLondon
_bRoutledge and Kegan Paul UK
_c1970
300 _a228p.
_ccm.
490 _athe Critical heritage Series.
650 _aENGLISH LITERATURE
942 _hO111,3K60:g, L2
_cTEXL
_2cc
999 _c966851
_d966851